Lettres par lesquelles aucune sous-préfecture ne commence - Statistiques

Statistiques générales
  • Ce quiz a été pris 25 fois
    22 depuis la dernière actualisation
  • Le résultat moyen est 4 sur 5
Statistiques - réponses
Lettres % Correct
X
83%
Z
83%
W
78%
K
56%
Q
50%
Aucun quiz correspondant
Distribution des résultats
% des personnes avec chaque résultat
Percentile par nombre de réponses
Votre historique - résultats
Vous n’avez pas pris ce quiz depuis la dernière actualisation